01875cam a22003734i 4500003000900000005001700009008004100026020001500067035002700082040003300109082002000142100003000162245004700192264005500239300003000294336002100324337002500345338002300370504004200393505089400435526001001329526001001339526001001349526001001359526000801369526000801377526000801385526000801393526000801401526000801409526000801417650006201425650001401487PE-LiUPU20250731173134.0150623s r 000 0 d a0801096073 a(Sirsi) i9780801096075 aPE-LiUPUbspacPE-LiUPUerda04a221.9bW79P2211 aWood, Leon James,eautor.14aThe prophets of Israel /cLeon James Wood. 1aGrand Rapids, Michigan :bBaker Book House,c1979. a405 p ;c24 centímetros atext2rdacontent aunmediated2rdamedia avolume2rdacarrier aIncluye referencias bibliográficas.0 aProphetism: Identity. -Contemporary "prophets". -Israel's prophets were not ecstatics. -The meaning of "to prophesy". -The function of the prophet. -The holy spirit and prophecy. -False prophecy in Israel. -A general overview. The prophets: The pre-monarchy prophets: Three early prophets. -Samuel. The monarchy prophets: The reings of Davis, Salomon, and Jeroboam. -The reigns of Rehoboam, Abijam, Asa, Jehoshaphat, and Baasha. -The reign of Ahab: Elijah. -The reigns of Ahab, Joash, and Amaziah. -The reigns from Jehoram to Jehoash: Elisha. The writing prophets: Ninth-century prophets: Obadiah and Joel. -Eighth-century prophets: Hosea, Amos, and Jonah. -Eighth-century prophests: Isaiah and Micah. -Seventh-century prophets: Nahum, Zephaniah, and Habakkuk. -Seventh-century prophets: Jeremiah. -Exilic prophets: Daniel and Ezekiel. -Postexilic prophets: Haggai, Zechariah, and Malachi. aSEG42 aSEG41 aSEG40 aSEG39 aP94 aP87 aP86 aP85 aP77 aP76 aP3504aProfecías bíblicasxCrítica, interpretación, etc.04aProfetas.